| 000 | 00464nam a2200193Ia 4500 | ||
|---|---|---|---|
| 008 | 170918s9999 xx 000 0 und d | ||
| 020 | _a9780590974097 | ||
| 050 | _bM161 1985 | ||
| 100 | _aMacLachlan, Patricia | ||
| 245 | _aSarah, plain and tall / | ||
| 245 | _cPatricia MacLachlan. | ||
| 260 | _aNew York : | ||
| 260 | _bScholastic, | ||
| 260 | _c1985 | ||
| 300 | _a94 pages : | ||
| 300 | _bcolored illustration ; | ||
| 300 | _c19cm. | ||
| 500 | _a560 | ||
| 999 |
_c341630 _d341630 |
||